000 00571nam a2200205 i 4500
001 bg
100 1 _aBień, Witold
_d(1927- ).
245 1 0 _aZarządzanie finansami przedsiębiorstwa /
_cWitold Bień.
250 _aWyd. 4 zaktualiz. i rozsz.
260 _aWarszawa :
_b"Difin",
_c1999.
300 _a333 s. :
_bwykr. ;
_c24 cm.
650 9 _aPrzedsiębiorstwo
_xfinanse
_xzarządzanie
020 _a8387173304
040 _cBPK
041 0 _apol
080 _a658.14/.17.012
920 _a83-87173-30-4
942 _cKS
008 s pl f |000 0 pol
999 _c53331
_d53331
856 _uhttp://koha.tu.koszalin.pl/cgi-bin/koha/opac-detail.pl?biblionumber=53331
_yKatalog online BPK